| 000 | 00717 a2200193 4500 | ||
|---|---|---|---|
| 008 | 080821t xxu||||| |||| 00| 0 eng d | ||
| 010 | _aENG-85063 | ||
| 020 |
_a8184300255 _c250.00 |
||
| 035 | _aEN-68596 | ||
| 037 | _bD.B.Act / Pub | ||
| 082 | _a371.271 | ||
| 100 | _aJain, Subhash | ||
| 245 |
_aHow to excel in examinations _cby Subhash Jain |
||
| 260 |
_aNew Delhi _bOcean Books _c2006 |
||
| 270 |
_a4/19, Asaf Ali Road, _bNew Delhi _cDelhi _e110002 |
||
| 300 |
_a200 p. _c22 cm. (Hb) |
||
| 942 |
_adpl _cEN _k371.271 / JAI _2ddc _h371.271 _mJAI |
||
| 999 |
_c977 _d977 |
||